000 00884na a2200241 4500
001 18634
003 MIRAKIL
005 20181213155124.0
008 161122b tu 000 0
035 _a18634
040 _aMilas
_btur
_cTR-AnCHP
041 _atur
082 _a331.88
_bK96 1992
090 _a331.88 K96 1992
245 _aKüreselleşme uluslararası dayanışma
_bSivil havacılık endüstrisinin küreselleşmesi ve bunun işçiler üzerindeki etkiler
_cITF, Hava İş
260 _aLondra
_bITF
_c1992
300 _a108 s.
_c28 sm.
500 _aUluslararası Ulaşım İşçileri Federasyonu, (ITF) Sivil Havacılık Konferansı için hazırlanmış bir rapor.
650 _aSivil havacılık
_xİşçiler
_yToplantılar
650 _aKüreselleşme
_xİşçi sendikaları
710 _aUluslararası Ulaşım İşçileri Federasyonu (ITF)
942 _2ddc
_cBKS
999 _c6956
_d6956